| 000 | 00956nam a2200277 a 4500 | ||
|---|---|---|---|
| 001 | 28870 | ||
| 003 | BD-RjUL | ||
| 005 | 20211209051336.0 | ||
| 008 | 140401s1926 ctua 001 0 eng d | ||
| 035 | _a(BD-RjUL)28954 | ||
| 040 |
_aIQW _cIQW _dOCL _dBD-RjUL _beng |
||
| 041 | _aeng | ||
| 082 |
_a973 _bHAP V-13 1926 |
||
| 090 |
_aE178.5 _b.P22 v.13 |
||
| 100 | 1 |
_a Hamlin , Talbot Faulkner _d1889-1956. _988268 |
|
| 245 | 1 | 4 |
_aThe pageant of America _cby Talbot Faulkner Hamlin _ba pictorial history of the United States / _nVOL 13. _p American spirit in architecture. |
| 250 | _aWashington ed | ||
| 260 |
_aNew Haven : _bYale University Press ; _aOxford University Press : _bLondon, _c1926 |
||
| 300 |
_a353 p. : _bill. (part col.) ; _c26 cm |
||
| 490 | 1 |
_aPageant of America ; _vv. 13 |
|
| 504 | _aIncludes index | ||
| 650 | 0 |
_aArchitecture _zUnited States _988269 |
|
| 830 | 0 |
_vv. 13 _988275 |
|
| 830 | 0 |
_aPageant of America ; _988276 |
|
| 942 |
_2ddc _cBK |
||
| 999 |
_c28870 _d28870 |
||